Innovations and Kaizen
Gespeichert in:
| 1. Verfasser: | |
|---|---|
| Weitere Verfasser: | |
| Format: | Buchkapitel |
| Sprache: | Englisch |
| Schlagworte: | |
| Tags: |
Keine Tags, Fügen Sie das erste Tag hinzu!
|
MARC
| LEADER | 00000nla a2200000 4500 | ||
|---|---|---|---|
| 001 | 0227363 | ||
| 005 | 20240502073739.8 | ||
| 041 | 0 | |a eng | |
| 044 | |a SK | ||
| 245 | 1 | 0 | |a Innovations and Kaizen |c Matej Hudák, Miloš Pachta |
| 500 | |a Abstrakt | ||
| 610 | 2 | 0 | |a inovácia |
| 610 | 2 | 0 | |a kaizen |
| 610 | 2 | 0 | |a spoločnosti |
| 610 | 2 | 0 | |a hospodárenie s materiálom |
| 610 | 2 | 0 | |a hospodárenie so surovinami |
| 610 | 2 | 0 | |a kvalita výrobkov |
| 100 | 1 | |a Hudák, Matej, 1984- | |
| 700 | 1 | |a Pachta, Miloš | |